000 01131nam a22002417a 4500
003 PE SENCICO BE
005 20251020182646.0
008 231109b |||||||| |||| 00| 0 eng d
040 _aPE SENCICO BE
_cPE SENCICO BE
041 _aspa
084 _aI
_aRED
_a2018
_bS92
100 1 _91766
_aSuma Gutiérrez, Oswaldo Martín
_eautor
245 1 _aRehabilitación de buzones y redes secundarias (alcantarillado) en la Urb. San Cayetano - distrito de El Agustino /
_cOswaldo Martín Suma Gutiérrez
260 _aLima :
_c2018
300 _a28 h. :
_bil. col., tabls. ;
_c30 cm.
502 _aMonografía de Titulación.-- Servicio Nacional de Capacitación para la Industria de la Construcción. Escuela Superior Técnica. Carrera Profesional Técnica en Redes de Agua Potable y Agua Residual, 2018
650 1 0 _91763
_aSistema de agua potable y alcantarillado
650 2 0 _9103
_aInstalaciones sanitarias
650 2 0 _9834
_aMaquinaria para movimiento de tierra
710 1 _aServicio Nacional de Capacitación para la Industria de la Construcción.
_bEscuela Superior Técnica
_91065
910 _bhfp
_chfp
942 _cMON
999 _c4425
_d4425